La moral espiritista o el evangelio según el espiritismo / (Registro nro. 34735)
[ vista simple ]
| 000 -CABECERA | |
|---|---|
| campo de control de longitud fija | 00599nam a2200157 a 4500 |
| 001 - NÚMERO DE CONTROL | |
| campo de control | 000035244 |
| 005 - FECHA Y HORA DE LA ÚLTIMA TRANSACCIÓN | |
| campo de control | 20200930074212.0 |
| 008 - DATOS DE LONGITUD FIJA--INFORMACIÓN GENERAL | |
| campo de control de longitud fija | 111026s1965 mx c 000 0 spa d |
| 040 ## - FUENTE DE LA CATALOGACIÓN | |
| Centro catalogador/agencia de origen | DO-SdBNP |
| Lengua de catalogación | spa |
| Centro/agencia transcriptor | BNPHU |
| 082 ## - NÚMERO DE LA CLASIFICACIÓN DECIMAL DEWEY | |
| Número de clasificación | xxx |
| Número de documento/Ítem | K182m |
| 100 1# - ENTRADA PRINCIPAL--NOMBRE DE PERSONA | |
| Nombre de persona | Kardec, Allan |
| 9 (RLIN) | 54144 |
| 245 13 - MENCIÓN DE TÍTULO | |
| Título | La moral espiritista o el evangelio según el espiritismo / |
| Mención de responsabilidad, etc. | Allan Kardec. |
| 260 ## - PUBLICACIÓN, DISTRIBUCIÓN, ETC. | |
| Lugar de publicación, distribución, etc. | México : |
| Nombre del editor, distribuidor, etc. | Orion, |
| Fecha de publicación, distribución, etc. | 1965. |
| 300 ## - DESCRIPCIÓN FÍSICA | |
| Extensión | 434 p. : |
| Otras características físicas | retr. ; |
| Dimensiones | 19 cm. |
| 500 ## - NOTA GENERAL | |
| Nota general | Contiene la explicación de las máximas morales de Cristo. Su concordancia en el espiritismo y su aplicación a las diversas posiciones de la vida. |
| Estado de retiro | Estado de pérdida | Restricciones de uso | No para préstamo | Código de colección | Localización permanente | Ubicación/localización actual | Ubicación en estantería | Fecha de adquisición | Número de inventario | Total de préstamos | Signatura topográfica completa | Código de barras | Fecha visto por última vez | Precio válido a partir de | Tipo de ítem Koha |
|---|---|---|---|---|---|---|---|---|---|---|---|---|---|---|---|
| Monografías: Libros y Folletos | General | General | Orden iniciada | 26.10.2011 | LF1 | xxx K182m | 35244-10 | 25.06.2020 | 25.06.2020 | No se presta | |||||
| Excluido de préstamo | Monografías: Libros y Folletos | General | General | Depósito | 26.10.2011 | LF1 | xxx K182m | 35245-10 | 25.06.2020 | 25.06.2020 | No se presta |
